Gospodarka wodna i ściekowa w zakładach przemysłowych. (Rekord nr 1454)
| 000 -ETYKIETA REKORDU | |
|---|---|
| podpole kontrolne o stałej długości | 01049nam a2200289 i 4500 |
| 001 - NUMER KONTROLNY REKORDU | |
| pole kontrolne | bg |
| 003 - IDENTYFIKATOR NUMERU KONTROLNEGO REKORDU | |
| podpole kontrolne | BPK |
| 005 - DATA OSTATNIEJ MODYFIKACJI REKORDU | |
| podpole kontrolne | 20210204131747.0 |
| 008 - POLE O STAŁEJ DŁUGOŚCI - DANE KONTROLNE | |
| podpole kontrolne o stałej długości | 061221s1974 pl a f f |000 0 pol |
| 015 ## - NUMER BIBLIOGRAFII NARODOWEJ | |
| Numer bibliografii narodowej | PB 8442/74 |
| 040 ## - ŹRÓDŁO KATALOGOWANIA | |
| Instytucja, która sporządziła opis | WA N |
| Instytucja, która utworzyła rekord | BPK |
| 080 ## - UNIWERSALNA KLASYFIKACJA DZIESIĘTNA - UKD | |
| UKD | 628.1/.3 |
| 080 ## - UNIWERSALNA KLASYFIKACJA DZIESIĘTNA - UKD | |
| UKD | (075.8) |
| 100 1# - NAZWA OSOBOWA | |
| Nazwa osobowa | Mielcarzewicz, Edward Włodzimierz |
| Daty związane z nazwą | (1924-2013) |
| Określenie rodzaju współpracy | Autor |
| 245 10 - TYTUŁ/ODPOWIEDZIALNOŚĆ | |
| Tytuł | Gospodarka wodna i ściekowa w zakładach przemysłowych. |
| Oznaczenie części/sekcji dzieła | Cz. 1, |
| Tytuł części/sekcji dzieła | Systemy / |
| Pozostałe elementy strefy tytułu i oznaczenia odpowiedzialności | Edward Włodzimierz Mielcarzewicz. |
| 260 ## - STREFA ADRESU WYDAWNICZEGO | |
| Miejsce wydania | Wrocław : |
| Nazwa wydawcy/dystrybutora | Politechnika Wrocławska, |
| Data publikacji, dystrybucji/powstania dokumentu | 1974. |
| 300 ## - STREFA OPISU FIZYCZNEGO | |
| Objętość | 228 s. : |
| Inne cechy fizyczne | il. ; |
| Rozmiary | 23 cm. |
| 490 1# - STREFA SERII I DOKUMENTU WIELOCZĘŚCIOWEGO - FORMA NIE DO WYSZUKIWANIA | |
| Tytuł i oznaczenie odpowiedzialności serii | Politechnika Wrocławska / Skrypty. |
| 504 ## - UWAGA DOTYCZĄCA BIBLIOGRAFII | |
| Informacje o bibliografii | Bibliogr. |
| 650 #4 - HASŁO PRZEDMIOTOWE W FORMIE NAZWY OGÓLNEJ LUB JEDNOSTKOWEJ | |
| Nazwa ogólna lub geograficzna | Ścieki przemysłowe |
| 650 #4 - HASŁO PRZEDMIOTOWE W FORMIE NAZWY OGÓLNEJ LUB JEDNOSTKOWEJ | |
| Nazwa ogólna lub geograficzna | Gospodarka wodna |
| 658 ## - TERMIN INDEKSOWY - PRZEDMIOT PROGRAMU NAUCZANIA | |
| Główny przedmiot programu nauczania | Inżynieria i technika |
| 710 2# - HASŁO DODATKOWE - NAZWA CIAŁA ZBIOROWEGO | |
| Nazwa ciała zbiorowego lub jednostki geograficznej | Oficyna Wydawnicza Politechniki Wrocławskiej |
| Nazwa jednostki podrzędnej | Wydawca |
| Kod określenia powiązania | pbl. |
| 830 #0 - HASŁO DODATKOWE SERII LUB DOKUMENTU WIELOCZĘŚCIOWEGO - TYTUŁ UJEDNOLICONY | |
| Tytuł ujednolicony | Skrypty - Politechnika Wrocławska |
| 856 ## - LOKALIZACJA I DOSTĘP DO ELEKTRONICZNYCH DOKUMENTÓW ZDALNYCH | |
| Link (URL) | http://koha.tu.koszalin.pl/cgi-bin/koha/opac-detail.pl?biblionumber=1454 |
| Tekst linku | Katalog online BPK |
| 942 ## - DODATKOWE ELEMENTY (KOHA) | |
| Schemat klasyfikacji | Uniwersalna Klasyfikacja Dziesiętna |
| Typ dokumentu | Książka |
| Wycofany | Status egzemplarza | Uszkodzony | Dostępność | Lokalizacja stała | Lokalizacja bieżąca | Miejsce przechowywania | Sygnatura | Kod kreskowy | Ostatnio wypożyczono | Typ dokumentu | Dział | Status: wypożyczony | Numer ubytku |
|---|---|---|---|---|---|---|---|---|---|---|---|---|---|
| Dostępny | Biblioteka Politechniki Koszalińskiej | Biblioteka Politechniki Koszalińskiej | Wypożyczalnia BG | P 26213 | 01187076 | 28.02.2013 | Książka | ||||||
| Dostępny | Biblioteka Politechniki Koszalińskiej | Biblioteka Politechniki Koszalińskiej | Wypożyczalnia BG | P 26214 | 01320688 | 12.03.2013 | Książka | ||||||
| Dostępny | Biblioteka Politechniki Koszalińskiej | Biblioteka Politechniki Koszalińskiej | Wypożyczalnia BG | P 26215 | 01320664 | Książka | |||||||
| Tylko na miejscu | Biblioteka Politechniki Koszalińskiej | Biblioteka Politechniki Koszalińskiej | Czytelnia BG | P 26216 | 01287219 | 06.09.2013 | Książka | 628.1/.3 Wodociągi. Kanalizacja. Ścieki | |||||
| Dostępny | Biblioteka Politechniki Koszalińskiej | Biblioteka Politechniki Koszalińskiej | Wypożyczalnia BG | P 26218 | 02069210 | Książka | |||||||
| Egz. niedostępny | Niedostępny | Biblioteka Politechniki Koszalińskiej | Biblioteka Politechniki Koszalińskiej | P 26219 | 01985948 | Książka | p18242 | ||||||
| Dostępny | Biblioteka Politechniki Koszalińskiej | Biblioteka Politechniki Koszalińskiej | Wypożyczalnia BG | P 26220 | 01682366 | Książka | |||||||
| Dostępny | Biblioteka Politechniki Koszalińskiej | Biblioteka Politechniki Koszalińskiej | Wypożyczalnia BG | P 26221 | 01241648 | Książka | |||||||
| Dostępny | Biblioteka Politechniki Koszalińskiej | Biblioteka Politechniki Koszalińskiej | Wypożyczalnia BG | P 32983 | 01132496 | 25.01.2021 | Książka | ||||||
| Tylko na miejscu | Czytelnia Wydziału Elektroniki i Informatyki, Wydziału Architektury i Wzornictwa, Wydziału Inżynierii Mechanicznej i Energetyki oraz Wydziału Inżynierii Lądowej, Środowiska i Geodezji | Czytelnia Wydziału Elektroniki i Informatyki, Wydziału Architektury i Wzornictwa, Wydziału Inżynierii Mechanicznej i Energetyki oraz Wydziału Inżynierii Lądowej, Środowiska i Geodezji | Czytelnia Wydziałowa ul. Śniadeckich 2 | P 26217 | 02239187 | 18.04.2018 | Książka | 628.1/.3 Woda. Wodociągi. Kanalizacja. Ścieki | 22.10.2026 |
